000 00679cam a22002413a 4500
001 27209
003 PGUSA
005 20140828083604.0
008 081109s2008||||xxu|||||s|||||000 | eng d
040 _aPGUSA
_beng
042 _adc
050 4 _aPS
100 1 _aJones, Susan Morrow,
_d-1926
245 1 4 _aThe La Chance Mine Mystery
_h[electronic resource] /
_cSusan Morrow Jones
260 _bProject Gutenberg,
_c2008
506 _aPublic domain in the USA.
516 _aElectronic text
653 _aDetective and mystery stories
700 1 _aGage, George W.
830 0 _aProject Gutenberg
_v27209
856 4 0 _uhttp://www.gutenberg.org/ebooks/27209
942 _cEB
999 _c256464
_d256464